[Event "ch-FRA Blitz Online Qual"]
[Site "Europe-Chess INT"]
[Date "2020.05.16"]
[Round "2"]
[White "Quere, Alexandre"]
[Black "Suarez Real, Alberto"]
[Result "0-1"]
[BlackTitle "IM"]
[WhiteElo "2022"]
[BlackElo "2448"]
[WhiteFideId "631086"]
[BlackFideId "2218534"]
[EventDate "2020.05.16"]

1. Nf3 g6 2. c4 Bg7 3. Nc3 c5 4. d4 cxd4 5. Nxd4 Nc6 6. Nc2 Bxc3+ 7. bxc3 Qa5 8.
Bd2 d6 9. Nb4 Ne5 10. e4 Be6 11. Nd5 Rc8 12. Qb3 b6 13. Be2 Qc5 14. Be3 Qa5 15.
Bd4 Bxd5 16. cxd5 Nf6 17. f3 O-O 18. O-O Rc7 19. Rfc1 Rfc8 20. c4 Qa6 21. Rc2
Qb7 22. Rac1 Ned7 23. a4 Nc5 24. Bxc5 Rxc5 25. Bd3 Qc7 26. f4 Ra5 27. Re1 Nd7
28. Kh1 Nc5 29. Qc3 Nxa4 30. Qd4 Qc5 31. Qxc5 Nxc5 32. Bf1 Ra3 33. e5 Kf8 34.
exd6 exd6 35. Rce2 Nd3 36. Rd1 Nxf4 37. Rf2 Nh5 38. Rd4 Ra1 39. g4 Ng7 40. Rdf4
Rc7 41. Kg2 Re7 42. Bd3 Ra3 43. Bb1 Rb3 44. Bc2 Rc3 45. h4 a5 46. h5 Ne8 47.
hxg6 hxg6 48. Bxg6 f6 49. g5 Re5 50. Bxe8 Kxe8 51. gxf6 Kf7 52. R2f3 Rxf3 53.
Kxf3 a4 54. Kg3 Re3+ 55. Kg2 Rc3 56. Kf2 a3 57. Ke2 a2 58. Rf1 Rxc4 59. Ra1 Ra4
60. Kd2 Kxf6 61. Kc2 Ke5 62. Kb3 Ra5 63. Kb4 Kxd5 64. Rd1+ Kc6 65. Rc1+ Kd7 66.
Ra1 d5 67. Kc3 Kd6 68. Kd4 Ra4+ 0-1

[Event "ch-FRA Blitz Online Qual"]
[Site "Europe-Chess INT"]
[Date "2020.05.16"]
[Round "2"]
[White "Polivanov, Anatoliy"]
[Black "Babaud, Antoine"]
[Result "1-0"]
[WhiteTitle "IM"]
[WhiteElo "2452"]
[BlackElo "1943"]
[WhiteFideId "14109468"]
[BlackFideId "45185484"]
[EventDate "2020.05.16"]

1. e4 c5 2. Nf3 Nc6 3. c3 d5 4. exd5 Qxd5 5. Na3 a6 6. Be2 Nf6 7. O-O Bf5 8. Nc4
Qd8 9. d4 cxd4 10. cxd4 e6 11. Bf4 Nd5 12. Bg3 Be7 13. Qb3 b5 14. Nce5 Nxe5 15.
Nxe5 O-O 16. a4 Qb6 17. Nd7 Qxd4 18. Nxf8 Bxf8 19. axb5 h6 20. bxa6 Bc5 21. Bf3
Ra7 22. Rfd1 Qb4 23. Bxd5 exd5 24. Qxb4 Bxb4 25. Rxd5 Be6 26. Rb5 1-0

[Event "ch-FRA Blitz Online Qual"]
[Site "Europe-Chess INT"]
[Date "2020.05.16"]
[Round "2"]
[White "Barbot, Pierre1"]
[Black "Zniber, Reda"]
[Result "1-0"]
[WhiteTitle "IM"]
[WhiteElo "2443"]
[BlackElo "1986"]
[WhiteFideId "663727"]
[BlackFideId "36054224"]
[EventDate "2020.05.16"]

1. d4 d5 2. c4 e6 3. Nc3 Nf6 4. Nf3 Be7 5. Bg5 O-O 6. e3 Nbd7 7. Rc1 a6 8. c5 c6
9. Bd3 Re8 10. b4 b6 11. O-O a5 12. b5 bxc5 13. bxc6 Nb8 14. Bb5 Qc7 15. Bf4 Qa7
16. dxc5 Ba6 17. Bd6 Rc8 18. c7 Bxd6 19. cxd6 Nbd7 20. Qa4 Nc5 21. Qf4 Qb6 22.
Rb1 Bxb5 23. Nxb5 Ra6 24. Rfc1 Nfe4 25. Ne5 Nxd6 26. Nxd6 Qxd6 27. Qxf7+ Kh8 28.
f4 Ra7 29. Qh5 Qe7 30. Ng6+ Kg8 31. Nxe7+ Kf8 32. Qe5 Kxe7 33. Rxc5 Kf7 34. Rbc1
Rb7 35. Rc6 1-0

[Event "ch-FRA Blitz Online Qual"]
[Site "Europe-Chess INT"]
[Date "2020.05.16"]
[Round "2"]
[White "Labelle, Ambroise"]
[Black "Maze, Sebastien"]
[Result "0-1"]
[BlackTitle "GM"]
[WhiteElo "1952"]
[BlackElo "2557"]
[WhiteFideId "26092050"]
[BlackFideId "613762"]
[EventDate "2020.05.16"]

1. e4 c5 2. Nf3 Nc6 3. Bb5 e6 4. Bxc6 bxc6 5. b3 Ne7 6. Ba3 Ng6 7. d4 Qa5+ 8.
Qd2 Qxd2+ 9. Nbxd2 cxd4 10. Bxf8 Rxf8 11. Nxd4 Ba6 12. c4 c5 13. Ne2 Bb7 14. Nc3
f5 15. O-O f4 16. f3 Ne5 17. Rfd1 Ke7 18. Nf1 g5 19. Nb5 h5 20. h3 Rg8 21. Kf2
g4 22. hxg4 hxg4 23. Nd6 Bc6 24. Rd2 Rg7 25. Nb5 gxf3 26. gxf3 Rag8 27. Nxa7
Rg2+ 28. Ke1 Nxf3+ 0-1

[Event "ch-FRA Blitz Online Qual"]
[Site "Europe-Chess INT"]
[Date "2020.05.16"]
[Round "2"]
[White "Efimov, Igor"]
[Black "Lavanant, Alexandre"]
[Result "1-0"]
[WhiteTitle "GM"]
[WhiteElo "2409"]
[BlackElo "1937"]
[WhiteFideId "806404"]
[BlackFideId "654949"]
[EventDate "2020.05.16"]

1. d4 Nf6 2. Bg5 e6 3. Nd2 Be7 4. e4 d5 5. e5 Nfd7 6. Bxe7 Qxe7 7. c3 c5 8. Bd3
Nc6 9. Ne2 cxd4 10. cxd4 f6 11. exf6 Nxf6 12. O-O O-O 13. a3 e5 14. dxe5 Nxe5
15. Bc2 Bd7 16. Nd4 Bc6 17. Re1 Qc7 18. Rc1 Rae8 19. h3 Qb6 20. Nxc6 bxc6 21.
Nb3 Nfg4 22. Qd4 Nxf2 23. Qxb6 Nxh3+ 24. Kh2 axb6 25. Kxh3 Rf6 26. Nd4 c5 27.
Nf3 Rfe6 28. Ng5 Rh6+ 29. Kg3 Rh5 30. Bxh7+ Kf8 31. Rf1+ Ke7 32. Rf5 Kd6 33. Re1
Re7 34. Ne4+ dxe4 35. Rxh5 Nd3 36. Rxe4 1-0

[Event "ch-FRA Blitz Online Qual"]
[Site "Europe-Chess INT"]
[Date "2020.05.16"]
[Round "2"]
[White "Zanin, Dario"]
[Black "Travadon, Loic"]
[Result "0-1"]
[BlackTitle "IM"]
[WhiteElo "1918"]
[BlackElo "2431"]
[WhiteFideId "615919"]
[BlackFideId "26092131"]
[EventDate "2020.05.16"]

1. e4 c5 2. Nf3 e6 3. d4 cxd4 4. Nxd4 Nf6 5. Nc3 Nc6 6. Ndb5 Bc5 7. Nd6+ Ke7 8.
Nxc8+ Rxc8 9. Bd3 h5 10. O-O Qc7 11. Na4 Bd4 12. c3 Ng4 13. g3 Bxf2+ 14. Rxf2
Nxf2 15. Kxf2 h4 16. Bf4 hxg3+ 17. Bxg3 Rxh2+ 18. Bxh2 Qxh2+ 19. Ke3 Ne5 20. Qe2
Qg3+ 21. Kd2 Nf3+ 22. Kd1 Qg1+ 23. Qf1 Qg3 24. Be2 Ne5 25. Kc2 Rh8 26. Rd1 Rh2
27. Kb1 Qe3 28. Bb5 a6 29. Bxd7 Rf2 30. Qh1 Nxd7 31. Qh4+ g5 32. Qh1 Qe2 33. Re1
Qc2+ 34. Ka1 Qxa4 35. Qg1 Qc2 36. Qxg5+ Ke8 37. Rb1 Rd2 38. Qg8+ Nf8 39. Qg5 Rd1 0-1

[Event "ch-FRA Blitz Online Qual"]
[Site "Europe-Chess INT"]
[Date "2020.05.16"]
[Round "2"]
[White "Nasuta, Grzegorz"]
[Black "Khachatryan, Samvel S."]
[Result "1-0"]
[WhiteTitle "GM"]
[WhiteElo "2558"]
[BlackElo "2179"]
[WhiteFideId "1141686"]
[BlackFideId "13309048"]
[EventDate "2020.05.16"]

1. e4 d5 2. exd5 Nf6 3. Nf3 Bg4 4. Bb5+ Nbd7 5. Nc3 a6 6. Be2 Nb6 7. h3 Bh5 8.
d4 Nfxd5 9. Nxd5 Qxd5 10. O-O e6 11. c3 Be7 12. Bf4 Bd6 13. Bxd6 Qxd6 14. Ne5
Bxe2 15. Qxe2 Nd7 16. f4 O-O 17. Rad1 Rad8 18. Rd3 c5 19. Rfd1 Nxe5 20. fxe5 Qb6
21. Kh1 cxd4 22. cxd4 Rd5 23. b3 Rfd8 24. Qg4 Qa5 25. a4 g6 26. Qf4 Qb4 27. h4
h5 28. g4 hxg4 29. h5 Qe7 30. Qxg4 Kg7 31. hxg6 Rh8+ 32. Rh3 Rxh3+ 33. Qxh3 fxg6
34. Qg4 Qf7 35. Kg2 Qf5 36. Qxf5 exf5 37. Kf3 Kf7 38. Ke3 g5 39. Rc1 Rd7 40. Rc8
g4 41. Rh8 Kg7 42. Re8 Kf7 43. Rb8 g3 44. Kf3 Rxd4 45. Rxb7+ Ke6 46. Kxg3 Kxe5
47. Re7+ Kf6 48. Ra7 Rd3+ 49. Kf4 Rd4+ 50. Ke3 Rb4 51. Rxa6+ Ke5 52. Ra5+ Kf6
53. Rb5 Rh4 54. a5 Kg5 55. a6 Rh6 56. Ra5 Rh8 57. a7 Re8+ 58. Kf3 Ra8 59. b4 Rh8
60. a8=Q 1-0

[Event "ch-FRA Blitz Online Qual"]
[Site "Europe-Chess INT"]
[Date "2020.05.16"]
[Round "2"]
[White "Blachon, Pascal"]
[Black "Valles Moreno, Ivan"]
[Result "0-1"]
[BlackTitle "IM"]
[WhiteElo "1955"]
[BlackElo "2417"]
[WhiteFideId "636320"]
[BlackFideId "2205688"]
[EventDate "2020.05.16"]

1. e4 d6 2. d4 Nf6 3. f3 Nbd7 4. c4 g6 5. Nc3 Bg7 6. Nge2 a6 7. Be3 O-O 8. Qd2
b5 9. cxb5 axb5 10. Nxb5 c6 11. Nbc3 e5 12. dxe5 Nxe5 13. Ng3 d5 14. Be2 h5 15.
O-O h4 16. Nh1 dxe4 17. Qxd8 Rxd8 18. fxe4 Nfg4 19. Bg5 f6 20. Bxh4 Rb8 21. b3
Rd2 22. Be1 Rd6 23. Bg3 f5 24. Rfd1 Rxd1+ 25. Rxd1 Be6 26. Nf2 Ne3 27. Rd6 Kf7
28. Na4 Ke7 29. Rd2 g5 30. exf5 Nxf5 31. Nc5 Bd5 32. Nfe4 Nxg3 33. Nxg3 Rf8 34.
h3 g4 35. hxg4 Bh6 36. Rd4 Be3+ 37. Kh2 Bxd4 38. Nf5+ Rxf5 39. gxf5 Bxc5 0-1

[Event "ch-FRA Blitz Online Qual"]
[Site "Europe-Chess INT"]
[Date "2020.05.16"]
[Round "2"]
[White "Haberthur, Maxime"]
[Black "Bijaoui, Manuel"]
[Result "0-1"]
[BlackTitle "IM"]
[WhiteElo "1941"]
[BlackElo "2411"]
[WhiteFideId "36097551"]
[BlackFideId "626783"]
[EventDate "2020.05.16"]

1. e4 c5 2. Nc3 d6 3. g3 g6 4. Bg2 Bg7 5. d3 Nc6 6. Be3 Rb8 7. Qd2 b5 8. Nge2
Nd4 9. O-O h5 10. Nd1 h4 11. c3 Nxe2+ 12. Qxe2 Nf6 13. d4 hxg3 14. fxg3 cxd4 15.
Bxd4 Bg4 16. Qf2 a6 17. Ne3 Be6 18. Nd5 Bxd5 19. exd5 O-O 20. Qe3 Ng4 21. Qe4
Bxd4+ 22. Qxd4 Ne5 23. Rae1 Qb6 24. Qxb6 Rxb6 25. Rd1 Rc8 26. Rfe1 b4 27. cxb4
Rxb4 28. Re2 a5 29. b3 Rc3 30. Red2 Kg7 31. Kf2 Ng4+ 32. Kg1 Ne5 33. Kf2 a4 34.
bxa4 Rxa4 35. Bf1 Nf3 36. Rd3 Rxd3 37. Rxd3 Nxh2 38. Be2 Rxa2 39. Re3 Ng4+ 40.
Kf1 Nxe3+ 0-1

[Event "ch-FRA Blitz Online Qual"]
[Site "Europe-Chess INT"]
[Date "2020.05.16"]
[Round "2"]
[White "Partac, Elena"]
[Black "Bujisho, Benjamin"]
[Result "0-1"]
[WhiteTitle "WGM"]
[BlackTitle "IM"]
[WhiteElo "2079"]
[BlackElo "2290"]
[WhiteFideId "13901001"]
[BlackFideId "608610"]
[EventDate "2020.05.16"]

1. e4 c5 2. Nf3 d6 3. d4 cxd4 4. Qxd4 a6 5. c4 e5 6. Qe3 Nf6 7. Be2 Be7 8. h3
O-O 9. O-O Be6 10. Nc3 Nbd7 11. Rd1 Qc7 12. b3 Rfc8 13. Bb2 Qd8 14. Rac1 h6 15.
Ba3 Qf8 16. Nd5 Bxd5 17. cxd5 Bd8 18. Rxc8 Rxc8 19. Nh4 Bb6 20. Qf3 Rc2 21. Nf5
Bc5 22. Bxc5 Nxc5 23. Bd3 Rc3 24. Qe2 g6 25. Ng3 Qc8 26. Bb1 Kg7 27. Qd2 Ncd7
28. f3 b5 29. Ne2 Rc7 30. Kh2 Nh5 31. Ng3 Nxg3 32. Kxg3 Nf6 33. Kh2 Nh5 34. g3
Rc3 35. Rf1 b4 36. Rf2 a5 37. Bd3 Qc5 38. Bc4 a4 39. Qe2 a3 40. Qd2 Nf6 41. Qe2
h5 42. h4 Qd4 43. Kg2 Nd7 44. Qd2 Qxd2 45. Rxd2 Nc5 46. Re2 f5 47. Kf2 Kf6 48.
Kg2 g5 49. Kf2 f4 50. gxf4 gxf4 51. Kg2 Nd7 52. Kh3 Nf8 53. Kg2 Ng6 54. Rf2
Nxh4+ 55. Kh3 Nxf3 56. Kg2 Ng5 57. Rd2 Nxe4 58. Rd1 h4 59. Rh1 h3+ 60. Rxh3 Rxh3
61. Kxh3 Nd2 62. Bd3 Nxb3 0-1

[Event "ch-FRA Blitz Online Qual"]
[Site "Europe-Chess INT"]
[Date "2020.05.16"]
[Round "2"]
[White "Glek, Igor"]
[Black "Briand, Amaury"]
[Result "1-0"]
[WhiteTitle "GM"]
[WhiteElo "2475"]
[BlackElo "1929"]
[WhiteFideId "4100484"]
[BlackFideId "36054968"]
[EventDate "2020.05.16"]

1. e4 e5 2. Nf3 Nc6 3. Nc3 Nf6 4. g3 Be7 5. Bg2 O-O 6. O-O d6 7. h3 h6 8. d4 Re8
9. b3 Bf8 10. Bb2 g6 11. Qd2 Bg7 12. Rad1 Qe7 13. Rfe1 a6 14. Nd5 Qd8 15. c4
exd4 16. Nxd4 Nxd5 17. cxd5 Nxd4 18. Bxd4 Bd7 19. Rc1 c5 20. dxc6 Bxc6 21. Bxg7
Kxg7 22. Rcd1 Re6 23. e5 Bxg2 24. Kxg2 d5 25. Qxd5 Qxd5+ 26. Rxd5 Rc8 27. Re2
Re7 28. f4 g5 29. f5 f6 30. e6 Rcc7 31. Red2 Kf8 32. Rd8+ Re8 33. Kf3 Ke7 34.
R2d7+ Rxd7 35. Rxd7+ Kf8 36. Kg4 Rc8 37. Kh5 Rc3 38. Kg6 Rxg3 39. Kxf6 Rxh3 40.
Rd8# 1-0

[Event "ch-FRA Blitz Online Qual"]
[Site "Europe-Chess INT"]
[Date "2020.05.16"]
[Round "2"]
[White "Roux, Baptiste"]
[Black "Di Nicolantonio, Lucas"]
[Result "0-1"]
[BlackTitle "IM"]
[WhiteElo "2145"]
[BlackElo "2414"]
[WhiteFideId "36017450"]
[BlackFideId "680460"]
[EventDate "2020.05.16"]

1. e4 c5 2. Nf3 d6 3. c3 Nf6 4. h3 Nc6 5. d4 e6 6. d5 Nb8 7. Bd3 Be7 8. O-O O-O
9. Bc2 Na6 10. a4 Nc7 11. dxe6 Bxe6 12. Na3 d5 13. exd5 Ncxd5 14. Ng5 Bc8 15.
Qd3 h6 16. Nh7 Re8 17. c4 Nb4 18. Nxf6+ Bxf6 19. Qh7+ Kf8 20. Bb1 Be6 21. Nb5
Ke7 22. Re1 Nc6 23. Nc3 Ne5 24. Nd5+ Bxd5 25. cxd5 Kd6 26. Bf4 Qa5 27. Qf5 Qxe1+
28. Kh2 Qa5 29. Bc2 Qd8 30. Re1 Qd7 31. Qe4 g5 32. Bg3 Qe7 33. Qc4 a6 34. Qb3
Kc7 35. a5 Qd6 36. Bf5 Rad8 37. f4 gxf4 38. Bxf4 Kb8 39. Bg3 Ka7 40. Re4 h5 41.
Qa4 Re7 42. Bf2 Nf3+ 43. Kh1 Qh2# 0-1

[Event "ch-FRA Blitz Online Qual"]
[Site "Europe-Chess INT"]
[Date "2020.05.16"]
[Round "2"]
[White "Philippe, Guillaume"]
[Black "Blanchard, Samuel"]
[Result "1/2-1/2"]
[WhiteTitle "IM"]
[WhiteElo "2354"]
[BlackElo "1921"]
[WhiteFideId "36048763"]
[BlackFideId "36023990"]
[EventDate "2020.05.16"]

1. f4 d5 2. Nf3 g6 3. g3 Bg7 4. Bg2 Nf6 5. O-O O-O 6. d3 c5 7. c3 b6 8. Na3 Bb7
9. Qc2 Nbd7 10. Bd2 Re8 11. Rae1 e5 12. fxe5 Nxe5 13. Nxe5 Rxe5 14. Bf4 Re8 15.
Qd2 a6 16. Nc2 Qd7 17. Bh6 Bh8 18. Bg5 Nh5 19. Rf2 f6 20. Bh6 a5 21. Ref1 f5 22.
Bg5 Rac8 23. Bf3 Ng7 24. Na3 Ne6 25. Bh6 d4 26. Bxb7 Qxb7 27. c4 Bg7 28. Nb5
Rcd8 29. Bg5 Rd7 30. Bf4 Qc6 31. a3 Bf6 32. h4 Bd8 33. Kh2 Nc7 34. Bxc7 Bxc7 35.
Qg5 Rg7 36. Nxc7 Qxc7 37. Qf4 Qe7 38. Qf3 Qe5 39. Kg2 Rge7 40. Re1 Qd6 41. Rb1
Kg7 42. h5 Re3 43. Qf4 Qxf4 44. gxf4 Rxe2 45. Rf1 Rxf2+ 46. Rxf2 Re3 47. Rd2 Kf6
48. hxg6 hxg6 49. Kf2 g5 50. fxg5+ Kxg5 51. Kg2 Kg4 52. Kf2 f4 53. Rd1 Rf3+ 54.
Kg2 Rg3+ 55. Kf2 Rf3+ 56. Kg2 Rg3+ 57. Kf2 Rf3+ 1/2-1/2

[Event "ch-FRA Blitz Online Qual"]
[Site "Europe-Chess INT"]
[Date "2020.05.16"]
[Round "2"]
[White "Casas, Alexandre"]
[Black "Rakotomaharo, Fy Antenaina"]
[Result "0-1"]
[BlackTitle "IM"]
[WhiteElo "1933"]
[BlackElo "2422"]
[WhiteFideId "45173451"]
[BlackFideId "13100050"]
[EventDate "2020.05.16"]

1. d4 Nf6 2. c4 g6 3. Nc3 d5 4. Nf3 Bg7 5. Bf4 O-O 6. e3 c5 7. Qb3 cxd4 8. exd4
Nc6 9. c5 Bg4 10. Qxb7 Rc8 11. Bb5 Bxf3 12. Bxc6 Bxg2 13. Rg1 Be4 14. O-O-O Qa5
15. Qb5 Qxb5 16. Bxb5 Nh5 17. Bg5 h6 18. Bxe7 Nf4 19. Bxf8 Kxf8 20. Nxe4 dxe4
21. Kb1 Rb8 22. Ba4 Nd3 23. Bb3 Bxd4 24. Rg3 Bxf2 25. Rg2 Bxc5 26. Rf1 Ne5 27.
Re2 e3 28. Rc1 Bd4 29. Rc7 a5 0-1

[Event "ch-FRA Blitz Online Qual"]
[Site "Europe-Chess INT"]
[Date "2020.05.16"]
[Round "2"]
[White "Riff, Vincent"]
[Black "Robert, Yoann"]
[Result "1-0"]
[WhiteTitle "FM"]
[WhiteElo "2405"]
[BlackElo "2071"]
[WhiteFideId "617776"]
[BlackFideId "36018805"]
[EventDate "2020.05.16"]

1. e4 g6 2. d4 Bg7 3. Nf3 c6 4. c4 d5 5. cxd5 cxd5 6. exd5 Nf6 7. Nc3 O-O 8. Bc4
Nbd7 9. O-O Nb6 10. Bb3 Nbxd5 11. Ne5 Nxc3 12. bxc3 Qc7 13. Qf3 e6 14. Ba3 Rd8
15. Rac1 Nd5 16. Rfd1 Bxe5 17. dxe5 Qxe5 18. c4 b6 19. cxd5 Bb7 20. Qg3 Qxg3 21.
hxg3 exd5 22. Rd2 Rac8 23. Rcd1 Rd7 24. Bb2 Rcd8 25. Bf6 Rc8 26. Bxd5 Bxd5 27.
Rxd5 Rxd5 28. Rxd5 Kf8 29. Rd7 a5 30. Rb7 Ke8 31. Rxb6 Rc1+ 32. Kh2 Rc2 33. Rb2
Rc6 34. Bg5 f6 35. Bd2 a4 36. Be3 Kf7 37. Rb4 a3 38. Rb3 Ra6 39. Rb7+ Ke6 40.
Rb6+ Rxb6 41. Bxb6 Kd5 42. Bd8 Ke6 43. Kg1 Kd6 44. Bxf6 Kc5 45. Be7+ Kc4 46.
Bxa3 Kc3 47. Bc1 Kc2 48. a4 1-0

[Event "ch-FRA Blitz Online Qual"]
[Site "Europe-Chess INT"]
[Date "2020.05.16"]
[Round "2"]
[White "Baudouin, Simon"]
[Black "Brunner, Nicolas"]
[Result "0-1"]
[BlackTitle "IM"]
[WhiteElo "1926"]
[BlackElo "2428"]
[WhiteFideId "36051284"]
[BlackFideId "620246"]
[EventDate "2020.05.16"]

1. c4 e6 2. g3 d5 3. Bg2 Nf6 4. Nf3 dxc4 5. Qa4+ c6 6. Qxc4 b5 7. Qc2 Bb7 8. O-O
Nbd7 9. d4 a6 10. Nc3 c5 11. dxc5 Bxc5 12. Rd1 Qb6 13. e3 O-O 14. a3 Rac8 15. b4
Be7 16. Qb3 Nd5 17. Bb2 Rfd8 18. Rac1 Bf8 19. Ne2 a5 20. bxa5 Qxa5 21. Ned4 Ra8
22. Nxb5 Nc5 23. Qc4 Ba6 24. Nfd4 Rdc8 25. Qa2 Bxb5 26. Nxb5 Qxb5 27. Bxd5 exd5
28. Rxd5 Qb7 29. Bd4 Ne6 30. Rb1 Qa6 31. Ba1 Qxa3 32. Qd2 Qa2 33. Qxa2 Rxa2 34.
e4 h6 35. f4 Rcc2 36. f5 Bc5+ 0-1

[Event "ch-FRA Blitz Online Qual"]
[Site "Europe-Chess INT"]
[Date "2020.05.16"]
[Round "2"]
[White "Cocogne, Ludovic"]
[Black "Colin, Vincent"]
[Result "0-1"]
[BlackTitle "IM"]
[WhiteElo "1924"]
[BlackElo "2372"]
[WhiteFideId "644536"]
[BlackFideId "612324"]
[EventDate "2020.05.16"]

1. e4 c5 2. Nf3 d6 3. d4 cxd4 4. Nxd4 Nf6 5. Nc3 g6 6. Be3 Bg7 7. f3 O-O 8. Qd2
Nc6 9. O-O-O Nxd4 10. Bxd4 Be6 11. Kb1 Qc7 12. g4 Rfc8 13. h4 Qa5 14. Nd5 Qxd2
15. Rxd2 Bxd5 16. exd5 Nd7 17. Bxg7 Kxg7 18. h5 g5 19. h6+ Kg8 20. Rd1 Ne5 21.
Be2 Ng6 22. Bd3 Nf4 23. Be4 a5 24. Rd2 b5 25. Bf5 Rc7 26. Re1 f6 27. Be6+ Kf8
28. Bf5 Kf7 29. Be6+ Kg6 30. Bf5+ Kf7 31. Be6+ Nxe6 32. Rxe6 Rg8 33. Rde2 Rg6
34. b3 Rxh6 35. Kb2 Rh3 36. R2e3 h5 37. gxh5 Rxh5 38. Re2 Rh3 39. R2e3 Rh4 40.
Re2 Rd4 41. c4 bxc4 42. bxc4 Rdxc4 43. Kb3 Rb4+ 44. Ka3 Rc3# 0-1

[Event "ch-FRA Blitz Online Qual"]
[Site "Europe-Chess INT"]
[Date "2020.05.16"]
[Round "2"]
[White "Sesia, Noah"]
[Black "Debray, Christopher"]
[Result "0-1"]
[BlackTitle "IM"]
[WhiteElo "1822"]
[BlackElo "2376"]
[WhiteFideId "26066904"]
[BlackFideId "630810"]
[EventDate "2020.05.16"]

1. d4 d5 2. Bf4 c5 3. e3 cxd4 4. exd4 Nc6 5. Nf3 Bf5 6. Bb5 e6 7. O-O Nf6 8. Ne5
Qc8 9. Nd2 Be7 10. g4 Bg6 11. h4 h6 12. Nxg6 fxg6 13. c3 O-O 14. Bg3 e5 15. Bxc6
bxc6 16. f3 e4 17. fxe4 Nxg4 18. Qe2 Qd7 19. e5 Qe6 20. Rf3 g5 21. hxg5 Bxg5 22.
Raf1 Rxf3 23. Nxf3 Be7 24. Nh4 Bxh4 25. Bxh4 Qg6 26. Qg2 Kh7 27. Bg3 Ne3 28. Qf2
Nxf1 29. Kxf1 Qe4 30. Qe2 Rf8+ 31. Ke1 Qb1+ 32. Kd2 Qxb2+ 33. Ke3 Qxc3+ 34. Qd3+ 0-1

[Event "ch-FRA Blitz Online Qual"]
[Site "Europe-Chess INT"]
[Date "2020.05.16"]
[Round "2"]
[White "Viennot, Dylan"]
[Black "Neau, Julien"]
[Result "0-1"]
[WhiteTitle "FM"]
[WhiteElo "2331"]
[BlackElo "1916"]
[WhiteFideId "676098"]
[BlackFideId "631388"]
[EventDate "2020.05.16"]

1. e4 d6 2. d4 Nf6 3. Bd3 g6 4. Nc3 Bg7 5. h3 c6 6. Nf3 O-O 7. O-O Nbd7 8. Re1
e5 9. a4 b6 10. b3 exd4 11. Nxd4 Qc7 12. Bb2 Re8 13. b4 a5 14. b5 c5 15. Nf3 Bb7
16. Bc4 Nxe4 17. Rxe4 Bxe4 18. Ng5 d5 19. Ncxe4 Bxb2 20. Bxd5 Bxa1 21. Bxf7+ Kg7
22. Qxa1+ Qe5 23. Qd1 Re7 24. Bd5 h6 25. Bxa8 hxg5 26. Qd2 Nf6 27. Nxg5 Qe1+ 28.
Qxe1 Rxe1+ 29. Kh2 Rc1 30. Ne6+ Kf7 31. Nd8+ Ke8 32. Ne6 Rxc2 33. g4 Rxf2+ 34.
Kg3 Ra2 35. g5 Nd7 36. Bc6 Rxa4 37. Nc7+ Kd8 38. Nd5 Ne5 39. Nxb6 Ra3+ 40. Kf4
Nxc6 41. bxc6 Kc7 42. Nd5+ Kxc6 43. Ne7+ Kb5 44. Nxg6 c4 45. h4 c3 46. Ke3 Ra2
47. Ne5 Rh2 48. Nf3 Rh3 49. g6 c2 50. Kd2 Rxf3 51. h5 Rg3 52. Kxc2 Rg5 53. Kb3
Rxh5 54. g7 Rg5 0-1

[Event "ch-FRA Blitz Online Qual"]
[Site "Europe-Chess INT"]
[Date "2020.05.16"]
[Round "2"]
[White "Eveno, Nathan"]
[Black "Jolly, Jean-Francois"]
[Result "0-1"]
[BlackTitle "IM"]
[WhiteElo "2069"]
[BlackElo "2378"]
[WhiteFideId "45132178"]
[BlackFideId "634751"]
[EventDate "2020.05.16"]

1. e4 e5 2. Nf3 Nc6 3. Bb5 a6 4. Ba4 Nf6 5. O-O b5 6. Bb3 Bb7 7. Re1 Bc5 8. c3
d6 9. d4 Bb6 10. Bg5 h6 11. Bxf6 Qxf6 12. Bd5 Rb8 13. dxe5 Nxe5 14. Bxb7 Rxb7
15. Nxe5 Bxf2+ 16. Kh1 Bxe1 17. Qxe1 dxe5 18. Nd2 O-O 19. b4 Rd8 20. Nb3 Rb6 21.
Nc5 Rbb8 22. Qe2 Qd6 23. Rf1 Qd2 24. Qf3 Qf4 25. Qxf4 exf4 26. Nxa6 Rb7 27. h4
g5 28. Kh2 Ra7 29. Nc5 Rxa2 30. Nb3 Rd3 31. Nc1 Ra1 32. Nxd3 Rxf1 33. hxg5 hxg5
34. Kh3 Rd1 35. Ne5 Rd2 36. Nc6 Kg7 37. Nd4 Rd3+ 38. Kg4 Rg3+ 39. Kf5 Rxg2 40.
Nxb5 f3 41. Nd4 f2 0-1

[Event "ch-FRA Blitz Online Qual"]
[Site "Europe-Chess INT"]
[Date "2020.05.16"]
[Round "2"]
[White "Okhotnik, Vladimir"]
[Black "Sumarriva Paulin, Laura"]
[Result "1-0"]
[WhiteTitle "GM"]
[BlackTitle "WFM"]
[WhiteElo "2359"]
[BlackElo "2023"]
[WhiteFideId "14101289"]
[BlackFideId "45102635"]
[EventDate "2020.05.16"]

1. e4 e6 2. d4 d5 3. exd5 exd5 4. c4 Nf6 5. Nc3 Bd6 6. Nf3 O-O 7. c5 Be7 8. Bd3
b6 9. cxb6 axb6 10. O-O Bg4 11. Re1 c5 12. h3 Bh5 13. g4 Bg6 14. Bxg6 hxg6 15.
Bg5 c4 16. Ne5 Re8 17. Qf3 Qd6 18. Nxc4 dxc4 19. Qxa8 Nc6 20. Qa4 Rc8 21. Rad1
Nxd4 22. Rxe7 Nf3+ 23. Kf1 Qxe7 24. Bxf6 Qxf6 25. Qd7 Rf8 26. Qd6 Qh4 27. Qg3
Qf6 28. Ne4 Qxb2 29. Qxf3 Qxa2 30. Nc3 Qb3 31. Rb1 Qc2 32. Rxb6 Rd8 33. Kg2 Rd3
34. Qa8+ Kh7 35. Rb8 g5 36. Qe4+ g6 37. Qe5 Qxc3 38. Rh8# 1-0

[Event "ch-FRA Blitz Online Qual"]
[Site "Europe-Chess INT"]
[Date "2020.05.16"]
[Round "2"]
[White "Berthaut, Alexandre"]
[Black "Cotonnec, Melkior"]
[Result "0-1"]
[BlackTitle "IM"]
[WhiteElo "1924"]
[BlackElo "2300"]
[WhiteFideId "26080192"]
[BlackFideId "633275"]
[EventDate "2020.05.16"]

1. e4 c5 2. Nf3 d6 3. d4 cxd4 4. Nxd4 Nf6 5. Nc3 a6 6. Be3 e6 7. f4 Nbd7 8. Qf3
Qc7 9. g4 Nb6 10. O-O-O Nc4 11. Bxc4 Qxc4 12. g5 Nd7 13. f5 Ne5 14. Qg3 Be7 15.
fxe6 fxe6 16. Rhf1 Bd7 17. Nf3 Qc7 18. Nxe5 dxe5 19. Qf2 Rf8 20. Qg1 Rxf1 21.
Rxf1 Bb4 22. Bb6 Qd6 23. Qf2 Qe7 24. Ne2 Bb5 25. Kb1 Rc8 26. Rc1 Qxg5 27. Ng3
Qf6 28. Qe3 g6 29. Qb3 Qe7 30. a4 Bc4 31. Qe3 a5 32. Qh6 Rc6 33. Be3 Rc7 34. Bg5
Qf8 35. Qh4 h5 36. Qh3 Rd7 37. Rg1 Qd6 38. Rc1 Rf7 39. Qg2 Ba6 40. h4 b5 41. Qe2
bxa4 42. Qe3 Bc5 43. Qc3 Bb4 44. Qe3 Qd4 45. Qxd4 exd4 46. e5 d3 47. cxd3 Bxd3+
48. Ka2 Rb7 49. Rc8+ Kf7 50. Rh8 Ba6 51. Rh6 a3 52. Rh7+ Kg8 53. Rxb7 Bxb7 54.
bxa3 Bd5+ 55. Kb2 Bc5 56. Ne2 Bf3 57. Nc3 Bd4 58. Kb3 Bxe5 59. Kc4 Kf7 60. Kb5
Bc7 61. Na4 e5 62. Nc5 e4 63. Kc6 Bg3 64. Kd7 Bf2 65. Ne6 e3 66. Nd8+ Kg8 67.
Ne6 e2 0-1